000 00236nam a2200109Ia 4500
008 220216s9999 xx 000 0 und d
100 _aThomas K.U.
245 0 _aRain guarding
260 _bRubber
_c1995
300 _a5-Mar
942 _cML
999 _c72632
_d72632